New directions in management information transfer
সংরক্ষণ করুন:
| প্রধান লেখক: | |
|---|---|
| বিন্যাস: | গ্রন্থ |
| ভাষা: | Undetermined |
| প্রকাশিত: |
Ruschlikon-Zurich
Gottlied Duttweiler institute for economic and social studies
1968
|
| বিষয়গুলি: | |
| ট্যাগগুলো: |
ট্যাগ যুক্ত করুন
কোনো ট্যাগ নেই, প্রথমজন হিসাবে ট্যাগ করুন!
|
| Thư viện lưu trữ: | Trung tâm Học liệu Trường Đại học Cần Thơ |
|---|
| LEADER | 00520nam a2200169Ia 4500 | ||
|---|---|---|---|
| 001 | CTU_79152 | ||
| 008 | 210402s9999 xx 000 0 und d | ||
| 082 | |a 658 | ||
| 082 | |b F324 | ||
| 100 | |a Farmer, Richard N. | ||
| 245 | 0 | |a New directions in management information transfer | |
| 245 | 0 | |c Richard N. Farmer | |
| 260 | |a Ruschlikon-Zurich | ||
| 260 | |b Gottlied Duttweiler institute for economic and social studies | ||
| 260 | |c 1968 | ||
| 650 | |a Management | ||
| 980 | |a Trung tâm Học liệu Trường Đại học Cần Thơ | ||